Πειραματική Γεωτεχνική Μηχανική (Record no. 2083)
[ view plain ]
| 000 -LEADER | |
|---|---|
| fixed length control field | 01573cam a22001934a 4500 |
| 005 - ΗΜΕΡΟΜΗΝΙΑ ΚΑΙ ΩΡΑ ΤΕΛΕΥΤΑΙΑΣ ΕΝΗΜΕΡΩΣΗΣ | |
| Πεδίο ελέγχου | 20250605164030.0 |
| 008 - FIXED-LENGTH DATA ELEMENTS--GENERAL INFORMATION | |
| Πεδίο ελέγχου σταθερού μήκους | 250528s ||||||||||||||||||||||||d |
| 035 ## - SYSTEM CONTROL NUMBER | |
| System control number | 16601 |
| 020 ## - ISBN | |
| ISBN | 9604115154 |
| 040 ## - ΠΗΓΗ ΚΑΤΑΛΟΓΟΓΡΑΦΗΣΗΣ | |
| Φορέας πρωτότυπης καταλογογράφησης | MC Athens Campus Library |
| Γλώσσα καταλογογράφησης | Ελληνικά, Μοντέρνα (1453-) |
| Modifying agency | MC Athens Campus Library |
| Κανόνες περιγραφικής καταλογογράφησης | AACR2 |
| 245 1# - ΤΙΤΛΟΣ ΚΑΙ ΔΗΛΩΣΗ ΥΠΕΥΘΥΝΟΤΗΤΑΣ | |
| Τίτλος | Πειραματική Γεωτεχνική Μηχανική |
| 260 ## - PUBLICATION, DISTRIBUTION, ETC. | |
| Name of publisher, distributor, etc. | Ίων, |
| Date of publication, distribution, etc. | 2005 |
| 300 ## - PHYSICAL DESCRIPTION | |
| Extent | 808 |
| 520 ## - SUMMARY, ETC. | |
| Summary, etc. | Το παρόν πόνημα απευθύνεται κυρίως στους Γεωτεχνικούς Μηχανικούς, παλαιότερους και νεότερους, που ασκούν ως επάγγελμα και ενασχολούνται πρακτικά ή ερευνητικά με τη Γεωτεχνική Μηχανική. Εισαγωγή, Θεμελιώδεις Έννοιες της Εδαφομηχανικής, Θεμελιώδεις Έννοιες της Βραχομηχανικής, Η Διερεύνηση ως Διασκόπηση, Γεωτρήσεις Δειγματοληψίας, Δοκιμαστικές Εκσκαφές, Δοκιμές Εργαστηρίου, Επί Τόπου Δοκιμές, Η Διερεύνηση ως Διϊχνευση, Μέτρηση της Μετακίνησης, Μέτρηση της Δύναμης, Μέτρηση της Ολικής Πίεσης, Μέτρηση της Πίεσης Πόρων, Φυσικά Γεωτεχνικά Προσομοιώματα, Παραρτήματα, Βιβλιογραφία. |
| 700 1# - ΠΡΟΣΘΕΤΗ ΑΝΑΓΡΑΦΗ--ΦΥΣΙΚΟ ΠΡΟΣΩΠΟ | |
| Personal name | Κωστόπουλος Σπύρος Δ |
| 9 (RLIN) | 2689 |
| 942 ## - ADDED ENTRY ELEMENTS (KOHA) | |
| Koha item type | Books |
| Τύπος τεκμηρίου | Βιβλιοθήκη | Τρέχουσα τοποθεσία | Barcode | Αριθμός εισαγωγής | Ημερομηνία απόκτησης | Ταξιθετικό σύμβολο | Αριθμός αντιτύπου | Κατάσταση απόσυρσης | Κατάσταση χαμένου | Κατάσταση κατεστραμμένου | Μη δανεισμός | Σύνολο δανεισμών | Ημερομηνία τελευταίας εμφάνισης | Η τιμή ισχύει από |
|---|---|---|---|---|---|---|---|---|---|---|---|---|---|---|
| Books | MC Athens Campus Library | MC Athens Campus Library | 9780000020826 | 4784 | 05/06/2025 | 624.151 KOS | 1 | 05/06/2025 | 05/06/2025 |